000 01077 a2200445 4500
000 BKB
001 135699
005 20200902152903.0
008
010 _a
020 _a9781439854273
082 _a515.2433
_bS22F
100 1 _aShapiro, Victor L.
110 _a
245 1 _aFourier series in several variables with applications to partial differential equations
_cby Victor L. Shapiro
250 _a
260 _aBoca Raton
_bCRC Press
_c2011
300 _a338p.
490 _aChapman & Hall/CRC applied mathematics and nonlinear scince series
_v
500 _a
600 _a
610 _a
611 _a
630 _a
650 _a
651 _a
654 _a
690 _aDifferential equations, Partial; Fourier series; Functions of several real variables; Fourier analysis
700 _a
_b
_c
710 _a
_b
_c
711 _a
720 _a
730 _a
740 _a
752 _a
856 _a
_d
_f
904 _a
964 _a
_b
_c
_d
_e
_f
_g
965 _a
999 _c9004
_d9004